Very Difficult Flags #13 - Statistics

General Stats
  • This quiz has been taken 83 times
  • The average score is 6 of 16
Answer Stats
Picture Answer % Correct
Kuwait
97%
Soviet Union
97%
Burundi
96%
Syria (DMSE)
86%
Canada (OLD)
49%
Rhode Island
47%
British Antarctic Territory
41%
Northern Territory
34%
Stockholm
20%
Iroquois
17%
Andaman and Nicobar
14%
Bucharest
13%
Montreal
13%
Lima
6%
Soest
4%
Manaus
1%
No matching quizzes found
Score Distribution
Percent of People with Each Score
Percentile by Number Answered
Your Score History
You have not taken this quiz